プロ野球 在籍球団から選手名【2025】 - Statistics

General Stats
  • This quiz has been taken 354 times
    299 since last reset
  • The average score is 52 of 174
Answer Stats
球団名 選手名 % Correct
楽天ヤンキース 楽天 巨人 田中将大
95%
日本ハム巨人 田中瑛斗
95%
ソフトバンク日本ハム 田中正義
95%
巨人楽天 田中貴也
95%
ソフトバンク 巨人 甲斐拓也
70%
ソフトバンク 巨人 リチャード
61%
横浜・DeNAレイズ ドジャース パイレーツ (ブルージェイズ) (レンジャーズ) スタテンアイランド・フェリーホークス (ジャイアンツ) DeNA 筒香嘉智
57%
広島 巨人 丸佳浩
55%
阪神アスレチックス オリオールズ (メッツ) (マリナーズ) DeNA 藤浪晋太郎
55%
オリックス阪神 西勇輝
54%
日本ハム広島 鈴木健矢
51%
オリックス巨人 ヤクルト 鈴木康平
51%
ロッテ楽天 鈴木大地
51%
ロッテヤクルト 山本大貴
50%
巨人阪神 中日 山本泰寛
50%
中日日本ハム 山本拓実
50%
巨人広島 巨人 長野久義
49%
西武レッズ (パドレス) 広島 秋山翔吾
49%
日本ハムヤクルト 太田賢吾
48%
日本ハムレンジャーズ ソフトバンク 有原航平
48%
ソフトバンクDeNA 森唯斗
47%
ソフトバンクヤクルト 佐藤琢磨
47%
日本ハム巨人 中日 中田翔
47%
西武日本ハム 西武 中日 佐藤龍世
47%
日本ハム(レイズ)
レッドソックス ソフトバンク
上沢直之
47%
西武オリックス 森友哉
47%
ソフトバンク西武 仲田慶介
46%
オリックス巨人 近藤大亮
44%
オリックスDeNA 伊藤光
44%
楽天中日 伊藤茉央
44%
巨人ソフトバンク 伊藤優輔
44%
日本ハムソフトバンク 近藤健介
44%
DeNA楽天 伊藤裕季也
44%
DeNAロッテ N.ソト
44%
中日巨人 R.マルティネス
44%
日本ハム楽天 ヤクルト 西川遥輝
43%
広島オリックス 西川龍馬
43%
中日ドスラレドス・オウルズ
DeNA
D.ビシエド
43%
ソフトバンク巨人 高橋礼
42%
西武ロッテ 楽天 中日 涌井秀章
42%
中日日本ハム A.マルティネス
42%
DeNA中日 細川成也
41%
DeNA巨人 石川達也
40%
オリックス日本ハム 中日 齋藤綱記
40%
西武ソフトバンク 山川穂高
40%
阪神日本ハム 齋藤友貴哉
40%
ソフトバンクロッテ 石川柊太
40%
日本ハム巨人 ロッテ 石川慎吾
40%
日本ハムオリックス 石川亮
40%
阪神(フィリーズ) ヤクルト 青柳晃洋
39%
DeNAメキシコシティ・レッドデビルズ DeNA T.バウアー
39%
中日日本ハム 郡司裕也
38%
ソフトバンク阪神 大竹耕太郎
37%
巨人ソフトバンク 秋広優人
37%
阪神ブルージェイズ (ホワイトソックス) プエブラ・パロッツ 高知ファイティングドッグス
阪神
R.ドリス
37%
楽天 巨人 高梨雄平
36%
西武巨人 若林楽人
36%
日本ハムヤクルト 高梨裕稔
36%
広島高知ファイティングドッグス ソフトバンク 藤井皓哉
36%
巨人日本ハム 若林晃弘
36%
阪神 巨人 馬場皐輔
34%
DeNA メキシコシティ・レッドデビルズ レオン・ブラボーズ サルティーヨ・サラペメーカーズ ヨーク・レボリューション ユカタン・ライオンズ ヨーク・レボリューション (マリナーズ) 巨人 乙坂智
34%
巨人阪神 畠世周
34%
日本ハム阪神 渡邉諒
34%
オリックス日本ハム 山﨑福也
34%
巨人ロッテ レッドソックス ロッテ 澤村拓一
34%
巨人ロッテ G.ポランコ
34%
中日ロッテ 中日 加藤匠馬
33%
ソフトバンク中日 上林誠知
32%
西武楽天 浅村栄斗
32%
西武巨人 楽天 西武 炭谷銀仁朗
32%
西武日本ハム 楽天 山田遥楓
31%
オリックスダイヤモンドバックス マリナーズ オリックス 平野佳寿
31%
阪神 巨人 K.ケラー
31%
楽天 巨人 オコエ瑠偉
30%
ソフトバンク DeNA 三森大貴
30%
オリックス中日 松葉貴大
30%
オリックス日本ハム 伏見寅威
30%
ソフトバンク日本ハム 水谷瞬
30%
楽天ロッテ 美馬学
30%
広島オリックス 九里亜蓮
30%
中日DeNA 京田陽太
28%
巨人日本ハム 中日 宇佐見真吾
28%
DeNAソフトバンク 上茶谷大河
28%
ソフトバンク 巨人 泉圭輔
27%
日本ハムロッテ 岡大海
27%
西武楽天 岸孝之
27%
楽天ヤクルト 茂木栄五郎
26%
DeNAソフトバンク 濵口遥大
26%
ソフトバンク日本ハム 吉田賢吾
26%
日本ハムオリックス 吉田輝星
26%
ロッテDeNA 佐々木千隼
25%
ソフトバンクロッテ 中村亮太
25%
ソフトバンク阪神 楽天 加治屋蓮
25%
ソフトバンク中日 オリックス 岩嵜翔
25%
ヤクルト巨人 オリックス 廣岡大志
25%
ソフトバンク西武 甲斐野央
25%
広島西武 中村祐太
25%
中日楽天 阿部寿樹
24%
DeNA(ツインズ)
DeNA
M.フォード
24%
ロッテソフトバンク R.オスナ
24%
DeNA阪神 楠本泰史
23%
オリックス広島 山足達也
23%
ソフトバンクヤクルト 長谷川宙輝
23%
阪神中日 板山祐太郎
23%
日本ハムソフトバンク 長谷川威展
23%
楽天DeNA 森原康平
22%
広島ヤクルト 矢崎拓也
22%
中日ソフトバンク 又吉克樹
22%
DeNAソフトバンク 嶺井博希
22%
ヤクルトロッテ 坂本光士郎
22%
ソフトバンク西武 野村大樹
22%
巨人西武 松原聖弥
22%
オリックス 阪神 漆原大晟
21%
阪神DeNA 浜地真澄
21%
巨人ヤクルト 田口麗斗
21%
巨人ヤクルト 北村拓己
21%
巨人ソフトバンク 大江竜聖
21%
オリックス火の国サラマンダーズ ヤクルト 中川拓真
20%
オリックス中日 駿太
20%
楽天ヤクルト 楽天 今野龍太
19%
ヤクルト西武 元山飛優
19%
ロッテ西武 平沢大河
19%
オリックス西武 L.セデーニョ
18%
ソフトバンクヤクルト 増田珠
17%
横浜・DeNAロッテ 国吉佑樹
17%
日本ハムカージナルス 日本ハム D.バーヘイゲン
17%
ロッテ(ナショナルズ)
ティフアナ・ブルズ
オリックス
L.ペルドモ
17%
日本ハム巨人 郡拓也
16%
巨人DeNA 平良拳太郎
16%
ヤクルト中日 梅野雄吾
16%
中日西武 髙松渡
16%
ロッテ(レッズ) メキシコシティ・レッドデビルズ (エンゼルス)
ロッテ
T.ゲレーロ
16%
オリックス広島 日髙暖己
15%
西武ヤクルト 山野辺翔
15%
ソフトバンク中日 三浦瑞樹
15%
西武中日 川越誠司
15%
楽天ロッテ 小野郁
15%
西武ロッテ 愛斗
15%
阪神オリックス 小野泰己
15%
ソフトバンクヤクルト 小澤怜史
14%
楽天日本ハム 池田隆英
14%
西武日本ハム 松岡洸希
14%
中日ロッテ 石垣雅海
14%
ロッテ楽天 酒居知史
14%
ヤクルト楽天 小森航大郎
14%
西武オリックス 本田圭佑
14%
阪神DeNA 岩田将貴
13%
楽天ロッテ DeNA 西巻賢二
13%
中日日本ハム 福谷浩司
13%
ヤクルト楽天 柴田大地
13%
日本ハム西武 平沼翔太
13%
ヤクルト 楽天 M.ヤフーレ
13%
DeNAヤクルト 阪口皓亮
11%
ソフトバンクロッテ 茶谷健太
11%
オリックス日本ハム 西武 黒木優太
11%
オリックスDeNA
10%
巨人DeNA 堀岡隼人
10%
ソフトバンクDeNA 九鬼隆平
10%
西武ヤクルト 宮川哲
10%
オリックスロッテ 澤田圭佑
10%
オリックスロッテ 大下誠一郎
10%
中日オリックス 博志
10%
ヤクルト日本ハム 杉浦稔大
9%
日本ハムロッテ 西村天裕
9%
楽天日本ハム 清宮虎多朗
8%
阪神オリックス 遠藤成
8%
ロッテ巨人 オリックス 香月一也
8%
ソフトバンクDeNA 笠谷俊介
5%
オリックスくふうハヤテ ヤクルト 西濱勇星
5%
日本ハムオリックス 井口和朋
5%
巨人ヤクルト 沼田翔平
4%
ソフトバンク 巨人 舟越秀虎
3%
楽天ヤクルト 澤野聖悠
1%
No matching quizzes found
Score Distribution
Percent of People with Each Score
Percentile by Number Answered
Your Score History
You have not taken this quiz since the last reset